| 000 | 00643nam a2200241Ia 4500 | ||
|---|---|---|---|
| 008 | 171120s9999 xx 000 0 und d | ||
| 020 | _a9.7815933772e+012 | ||
| 050 | _a468.24 | ||
| 050 | _bL418 2006 | ||
| 100 | _aLawless, Laura K. | ||
| 245 | 4 | _aThe everything kids learning spanish book : | |
| 245 | _bfun exercises to help you learn EspaƱol / | ||
| 245 | _cby Laura K. Lawless. | ||
| 260 | _aMassachusetts : | ||
| 260 | _bAdams Media, | ||
| 260 | _c2006 | ||
| 300 | _a135 pages : | ||
| 300 | _bcolor illustrations ; | ||
| 300 | _c23cm. | ||
| 650 | _aForeign language study -- | ||
| 650 | _xSpanish. | ||
| 700 | _aTitle. | ||
| 999 |
_c345091 _d345091 |
||